000 00230nam a22000857a 4500
008 161207b xxu||||| |||| 00| 0 eng d
100 _91935
_aTrublaini. M
245 _aLittle Natalochka and the Silver Fish
260 _aKiev
_bDnipro
_c1988
999 _c4699
_d4699